000 01633nam0a2200301 i 4500
001 RU\NLR\BIBL_A\011197353
005 20241213225717.0
010 _a9785906137692
_9100
021 _aRU
_b2016-59598
_93783
035 _a(NLR Aleph) 011197353
090 _a11900247
_c11900247
100 _a20160818d2016 k y0rusy50 ca
101 0 _arus
102 _aRU
105 _aa|||z|||000yy
200 1 _aСмерть пионера
_eк предыстории неосуществленного замысла [живописной композиции "Смерть пионера" ставропольского художника Сергея Мягких]
_fА. Колбасников
210 _aСтаврополь
_cДизайн-студия Б
_d2016
215 _a14, [60] с.
_cил., цв. ил.
_d20
300 _aНа авантит.: Сергей Мягких, 1962-1981 : XXV
320 _aБиблиогр. в примеч.: с. 14
604 _1700#1$aМягких$bС. П.$gСергей Петрович$f1962 - 1981
_1500##$a"Смерть пионера"$xВыставки$yВладивосток, город$z2016$2nlr_sh2$3RU\NLR\AUTH\6601602322
_3RU\NLR\AUTH\6601602322
_aМягких, Сергей Петрович (1962 - 1981)
_t"Смерть пионера"
_xВыставки
_yВладивосток, город
_z2016
_92297037
686 1 _aЩ153(2Р=Рус)7-8Мягких
700 1 _aКолбасников
_bА.К.
702 1 _aМягких
_bС.П.
_f1962-1981
_gСергей Петрович
_4570
942 _cBOOK
980 _aNBR